[Event "SK Marmstorf - SK Johanneum Eppendorf II"]
[Site "Landesliga Hamburg 2022/23"]
[Date "2023.01.15"]
[Round "4.11"]
[White "Enxing, Simon"]
[Black "Mueller, Jan-Hendrik"]
[Result "0-1"]
[WhiteElo "2171"]
[BlackElo "2124"]
[PlyCount "90"]

1. d4 d5 2. g3 Nf6 3. Bg2 e6 4. Nf3 Be7 5. O-O O-O 6. c4 c6 7. Nbd2 b6 8. b3 Bb7 9. Bb2 Nbd7 10. Qc2 Rc8 11. e4 dxe4 12. Nxe4 Nxe4 13. Qxe4 Nf6 14. Qe2 c5 15. Rad1 Qc7 16. a3 a5 17. Rfe1 cxd4 18. Nxd4 Bxg2 19. Kxg2 a4 20. Rc1 axb3 21. f3 Ra8 22. Nb5 Qc6 23. Rc3 Rfc8 24. Rec1 Ra4 25. Qd1 Nd7 26. Rxb3 Nc5 27. Nd4 Qc7 28. Rb5 Raa8 29. Qe2 Rd8 30. Re1 Bf6 31. Rd1 Rd7 32. Nc2 Rxd1 33. Qxd1 Rd8 34. Qe2 Bxb2 35. Rxb2 Nd3 36. Rb1 Qxc4 37. Kf1 Ne5 38. Rxb6 Qc7 39. Rb5 Nxf3 40. Qxf3 Qxc2 41. Re5 Qxh2 42. Re2 Qh3+ 43. Kf2 h5 44. Ke3 h4 45. gxh4 Rd3+ 0-1

[Event "SK Marmstorf - SK Johanneum Eppendorf II"]
[Site "Landesliga Hamburg 2022/23"]
[Date "2023.01.15"]
[Round "4.12"]
[White "Diekmann, Jens"]
[Black "Seidel, Mika"]
[Result "1/2-1/2"]
[WhiteElo "2057"]
[BlackElo "1961"]
[PlyCount "65"]

1. c4 Nf6 2. Nc3 c5 3. e4 Nc6 4. g3 g6 5. Bg2 Bg7 6. Nge2 O-O 7. O-O d6 8. d3 Ne8 9. Be3 f5 10. exf5 Bxf5 11. d4 cxd4 12. Nxd4 Nxd4 13. Bxd4 Qd7 14. Bxg7 Kxg7 15. b3 Nf6 16. Qd4 Bh3 17. Rad1 Bxg2 18. Kxg2 a6 19. Nd5 Rad8 20. Rfe1 e5 21. Nxf6 Qc6+ 22. Qe4 Kxf6 23. Rd5 Kg7 24. Qg4 Rf7 25. Re4 Rdf8 26. f4 Qb6 27. Rd2 Qb4 28. Rde2 exf4 29. Rxf4 Rxf4 30. gxf4 b5 31. Re7+ Rf7 32. Rxf7+ Kxf7 33. Qd7+ 1/2-1/2

[Event "SK Marmstorf - SK Johanneum Eppendorf II"]
[Site "Landesliga Hamburg 2022/23"]
[Date "2023.01.15"]
[Round "4.14"]
[White "Peschke, Matthias"]
[Black "Spaet, Alexander"]
[Result "0-1"]
[WhiteElo "2011"]
[BlackElo "1991"]
[PlyCount "82"]

1. c4 e5 2. g3 Nf6 3. Bg2 c6 4. e4 Bc5 5. Ne2 O-O 6. O-O d5 7. d3 Be6 8. Qc2 Nbd7 9. Nbc3 dxc4 10. Na4 cxd3 11. Qxd3 Be7 12. h3 Qa5 13. Nac3 Rfd8 14. b3 Nc5 15. Qb1 Nd3 16. Be3 Bc5 17. Bxc5 Qxc5 18. Na4 Qa5 19. Rd1 Nc5 20. Nxc5 Qxc5 21. Qb2 Qa5 22. b4 Rxd1+ 23. Rxd1 Qxa2 24. Qxa2 Bxa2 25. Nc3 Bc4 26. f4 Re8 27. Kf2 Kf8 28. Ke3 exf4+ 29. gxf4 Nd5+ 30. Nxd5 Bxd5 31. Kd3 Be6 32. Ra1 Rd8+ 33. Kc3 a6 34. f5 Bc8 35. Kc4 Rd2 36. Bf1 Ke7 37. Kc5 g6 38. Kb6 Kd6 39. Re1 gxf5 40. exf5 Rd4 41. Rb1 Bxf5 0-1

[Event "SK Marmstorf - SK Johanneum Eppendorf II"]
[Site "Landesliga Hamburg 2022/23"]
[Date "2023.01.15"]
[Round "4.15"]
[White "Schmidt, Armin"]
[Black "Anderberg, Peter"]
[Result "1/2-1/2"]
[WhiteElo "1966"]
[BlackElo "1944"]
[PlyCount "65"]

1. Nf3 Nf6 2. c4 e6 3. g3 d5 4. d4 Be7 5. Bg2 O-O 6. O-O c6 7. Nc3 b6 8. Ne5 Bb7 9. b3 Nbd7 10. Nxd7 Qxd7 11. cxd5 Nxd5 12. Bb2 Nxc3 13. Bxc3 Rfd8 14. Qc2 c5 15. Rfd1 Bxg2 16. Kxg2 Qc6+ 17. d5 exd5 18. Kg1 Bf6 19. Bxf6 Qxf6 20. e3 Rd6 21. Rac1 Rad8 22. Rd2 d4 23. exd4 Rxd4 24. Re2 Qd6 25. Rce1 g6 26. h4 Rd1 27. Qe4 Rxe1+ 28. Rxe1 Qd2 29. Qe7 Qd7 30. Qe5 Qd4 31. Qe7 Qd7 32. Qe5 Qd4 33. Qe7 1/2-1/2

[Event "Hamburger SK IV - TV Fischbek"]
[Site "Landesliga Hamburg 2022/23"]
[Date "2023.01.15"]
[Round "4.17"]
[White "Serrer, Christoph"]
[Black "Groetzbach, Julian"]
[Result "1-0"]
[WhiteElo "2259"]
[BlackElo "2257"]
[PlyCount "83"]

1. d4 d5 2. Nf3 Nf6 3. c4 e6 4. e3 Be7 5. b3 O-O 6. Bd3 b6 7. O-O Bb7 8. Bb2 Nbd7 9. Nbd2 Ne4 10. Qc2 f5 11. Rfd1 Rc8 12. Nf1 c5 13. Qe2 Qc7 14. Rac1 Qb8 15. cxd5 exd5 16. Bb5 Rcd8 17. Rc2 Bd6 18. Ng3 Qa8 19. Nxe4 fxe4 20. Ng5 a6 21. Bxd7 Rxd7 22. dxc5 bxc5 23. Ne6 Rf5 24. Qg4 g6 25. Nxc5 Re7 26. Nxb7 Qxb7 27. Rdc1 Re8 28. Rc6 Qd7 29. h3 Ref8 30. Rxa6 Qe7 31. Rc2 Rg5 32. Qd1 Qd7 33. Kf1 Rgf5 34. Ra5 Bg3 35. Qd4 Rxf2+ 36. Rxf2 Rxf2+ 37. Kg1 Rxb2 38. Qxb2 Qc6 39. Ra4 Qb5 40. Qd2 Bc7 41. Ra8+ Kg7 42. Qc3+ 1-0

[Event "Hamburger SK IV - TV Fischbek"]
[Site "Landesliga Hamburg 2022/23"]
[Date "2023.01.15"]
[Round "4.18"]
[White "Jantzen, Hans-Joerg"]
[Black "de Voogt, Juergen"]
[Result "0-1"]
[WhiteElo "2151"]
[BlackElo "2245"]
[PlyCount "84"]

1. d4 g6 2. Bf4 Bg7 3. Nc3 d6 4. e4 Nc6 5. Bb5 a6 6. Bxc6+ bxc6 7. Nge2 Rb8 8. Rb1 Nf6 9. f3 O-O 10. Qd2 Re8 11. O-O Nd7 12. Bg5 c5 13. d5 Nb6 14. b3 Bd7 15. Rbd1 Qc8 16. Bh6 Bf6 17. Bg5 Bh8 18. Ng3 c4 19. Nce2 c5 20. h4 cxb3 21. axb3 Qc7 22. h5 a5 23. hxg6 hxg6 24. f4 Bg4 25. f5 Nd7 26. fxg6 fxg6 27. Rf4 Ne5 28. Rdf1 c4 29. Bh4 cxb3 30. cxb3 Rxb3 31. Rxg4 Nxg4 32. Qg5 Ne5 33. Nf4 Qc5+ 34. Kh1 Bf6 35. Qh6 Qe3 36. Ngh5 gxh5 37. Bxf6 exf6 38. Qxf6 Qg3 39. Qxd6 Nf7 40. Qc6 Reb8 41. Ng6 Rb1 42. Ne7+ Kh7 0-1

[Event "Hamburger SK IV - TV Fischbek"]
[Site "Landesliga Hamburg 2022/23"]
[Date "2023.01.15"]
[Round "4.19"]
[White "Kneip, Jakob"]
[Black "Meier, David Geffrey"]
[Result "1/2-1/2"]
[WhiteElo "2119"]
[BlackElo "2083"]
[PlyCount "40"]

1. e4 g6 2. d4 d6 3. Bc4 Bg7 4. Nf3 Nf6 5. Qe2 Nc6 6. d5 Nb8 7. Bd3 O-O 8. O-O e6 9. c4 exd5 10. cxd5 Re8 11. Nc3 Nbd7 12. Re1 Nc5 13. h3 Bd7 14. Qc2 c6 15. Bf4 cxd5 16. exd5 Nxd3 17. Qxd3 Qb6 18. Qd2 Bf5 19. Be3 Qa6 20. Bd4 Qc4 1/2-1/2

[Event "Hamburger SK IV - TV Fischbek"]
[Site "Landesliga Hamburg 2022/23"]
[Date "2023.01.15"]
[Round "4.20"]
[White "Posske, Thore"]
[Black "Brandt, Carina"]
[Result "0-1"]
[WhiteElo "2010"]
[BlackElo "2047"]
[PlyCount "104"]

1. d4 Nf6 2. Nf3 g6 3. c4 Bg7 4. Nc3 O-O 5. e4 d6 6. Be2 e5 7. O-O Nc6 8. d5 Ne7 9. b4 a5 10. bxa5 Nd7 11. a4 f5 12. Nd2 c5 13. dxc6 bxc6 14. Nb3 Nf6 15. Ba3 c5 16. Bf3 Ra6 17. Rb1 Nc6 18. exf5 Bxf5 19. Bxc6 Rxc6 20. Rb2 Kh8 21. Rd2 Qe7 22. f3 Bh6 23. Re2 Rb8 24. Nb5 Be6 25. Bc1 Bf8 26. Nd2 Qd8 27. f4 Bg4 28. Nf3 e4 29. Ng5 Qd7 30. Bb2 Bg7 31. Qe1 Bxe2 32. Qxe2 Re8 33. Rd1 h6 34. Bxf6 Bxf6 35. Nxd6 hxg5 36. Nxe8 Bd4+ 37. Kh1 Qxe8 38. fxg5 Qe5 39. Qg4 Qe6 40. Qh4+ Kg8 41. Rb1 e3 42. h3 Qf5 43. Rb7 Rc7 44. Rb8+ Rc8 45. Rxc8+ Qxc8 46. Qe4 Kf7 47. g4 Qe6 48. Qf3+ Kg7 49. Qe2 Qc6+ 50. Kh2 Qxa4 51. Kg3 Qxa5 52. Qf3 Qe1+ 0-1

[Event "Hamburger SK IV - TV Fischbek"]
[Site "Landesliga Hamburg 2022/23"]
[Date "2023.01.15"]
[Round "4.21"]
[White "Rolf, Marco"]
[Black "Atri, Jamshid"]
[Result "1/2-1/2"]
[WhiteElo "2106"]
[BlackElo "1980"]
[PlyCount "62"]

1. d4 Nf6 2. c4 e6 3. Nc3 d5 4. cxd5 exd5 5. Bg5 c6 6. e3 Be7 7. Bd3 Nbd7 8. Qc2 O-O 9. Nf3 Re8 10. O-O Nf8 11. Rae1 g6 12. Ne5 Ne6 13. f4 Ng7 14. Qf2 Bf5 15. Bxf5 Nxf5 16. g4 Nd6 17. Qh4 Nd7 18. Nxd7 Qxd7 19. f5 Bxg5 20. Qxg5 Ne4 21. Qh6 Qd6 22. Qh4 Nxc3 23. bxc3 Re4 24. Rf3 Rae8 25. Ref1 Qe7 26. f6 Qf8 27. Kf2 Qd6 28. Qh6 Qf8 29. Qh4 Qd6 30. Qh6 Qf8 31. Qh4 Qd6 1/2-1/2

[Event "Hamburger SK IV - TV Fischbek"]
[Site "Landesliga Hamburg 2022/23"]
[Date "2023.01.15"]
[Round "4.22"]
[White "Juergens, Bernhard"]
[Black "Schneider, Alexander"]
[Result "1/2-1/2"]
[WhiteElo "2145"]
[BlackElo "2072"]
[PlyCount "58"]

1. e4 c6 2. d3 d5 3. Nd2 e5 4. Ngf3 Nd7 5. g3 Ngf6 6. Bg2 Bd6 7. O-O O-O 8. Re1 Re8 9. b3 Qc7 10. Bb2 b5 11. d4 Bb7 12. dxe5 Nxe5 13. Nxe5 Bxe5 14. Bxe5 Rxe5 15. f4 Ree8 16. e5 Nd7 17. Nf3 c5 18. Nh4 d4 19. Bxb7 Qxb7 20. Nf5 Qc6 21. Qg4 g6 22. Nd6 Re6 23. a4 b4 24. Qh3 Rf8 25. Ne4 f6 26. Nxf6+ Nxf6 27. exf6 Rfxf6 28. Qg2 Qxg2+ 29. Kxg2 Kf7 1/2-1/2

[Event "Hamburger SK IV - TV Fischbek"]
[Site "Landesliga Hamburg 2022/23"]
[Date "2023.01.15"]
[Round "4.23"]
[White "Peters, Thomas"]
[Black "Rogozenco, Teodora"]
[Result "1-0"]
[WhiteElo "1889"]
[BlackElo "1950"]
[PlyCount "31"]

1. Nc3 d5 2. e4 d4 3. Nce2 e5 4. Ng3 g6 5. Bc4 Bg7 6. Nf3 h5 7. d3 Nc6 8. c3 Qe7 9. Qb3 h4 10. Ne2 h3 11. gxh3 Bd7 12. cxd4 exd4 13. Bd2 Nf6 14. O-O-O O-O 15. Nf4 a5 16. Nxg6 1-0

[Event "Hamburger SK IV - TV Fischbek"]
[Site "Landesliga Hamburg 2022/23"]
[Date "2023.01.15"]
[Round "4.24"]
[White "Wartenberg, Alissa"]
[Black "Serrer, David"]
[Result "1/2-1/2"]
[WhiteElo "1840"]
[BlackElo "1745"]
[PlyCount "72"]

1. e4 e5 2. Nf3 Nc6 3. Bb5 a6 4. Ba4 Nf6 5. O-O Be7 6. d3 b5 7. Bb3 d6 8. Re1 Na5 9. Nbd2 h6 10. Nf1 O-O 11. Ng3 Re8 12. h3 Bf8 13. c3 Nxb3 14. Qxb3 c5 15. a4 Bd7 16. axb5 axb5 17. Rxa8 Qxa8 18. c4 b4 19. Qd1 g6 20. Nh2 Be6 21. b3 Bg7 22. f4 exf4 23. Bxf4 Qd8 24. Nf3 Qb6 25. Bxd6 Qxd6 26. e5 Qc7 27. exf6 Bxf6 28. Ne4 Bg7 29. Kh1 Rd8 30. Qe2 Bf5 31. Qe3 Bxe4 32. Qxe4 Qd6 33. Rd1 Rd7 34. Nh2 Re7 35. Qf3 h5 36. Nf1 Qe5 1/2-1/2

[Event "SV Diagonale Harburg - SC Diogenes II"]
[Site "Landesliga Hamburg 2022/23"]
[Date "2023.01.15"]
[Round "4.26"]
[White "Syed, Tareq"]
[Black "Neumann, Michael"]
[Result "0-1"]
[WhiteElo "1960"]
[BlackElo "2122"]
[PlyCount "132"]

1. d3 c5 2. g3 g6 3. Bg2 Bg7 4. c4 Nc6 5. Nc3 d6 6. Qd2 e5 7. Bxc6+ bxc6 8. b3 f5 9. Bb2 Nf6 10. O-O-O O-O 11. f3 Qe7 12. e3 Be6 13. h3 Rae8 14. Qg2 d5 15. g4 d4 16. exd4 cxd4 17. Nce2 c5 18. g5 Nh5 19. h4 Bd7 20. Ng3 Nxg3 21. Qxg3 e4 22. fxe4 fxe4 23. h5 Bf5 24. Nh3 Bxh3 25. Qxh3 Qxg5+ 26. Kb1 Qf5 27. hxg6 Qxh3 28. Rxh3 hxg6 29. dxe4 Rxe4 30. Rg3 Re6 31. Rdg1 Kf7 32. Rg5 Rc8 33. Ba3 Bf8 34. Rd5 Be7 35. Rf1+ Rf6 36. Rg1 Rcc6 37. Rh1 Kg7 38. Re1 Kf8 39. Rh1 Ke8 40. Rh8+ Rf8 41. Rh7 Rf1+ 42. Kc2 Rf2+ 43. Kb1 Re6 44. Rh8+ Kf7 45. Rh1 Rf5 46. Rd7 a6 47. Bc1 Kf6 48. Bd2 Bd6 49. Kc2 Bf4 50. Bxf4 Rxf4 51. Rh2 Rf5 52. Rd8 Kg5 53. Rg2+ Kf4 54. Rf2+ Ke3 55. Rh2 g5 56. Rg8 Ree5 57. Rg6 a5 58. Rd2 Rf2 59. Rxf2 Kxf2 60. Kd3 Kf3 61. Rf6+ Kg3 62. Ra6 g4 63. Rxa5 Kf2 64. Ra8 Re3+ 65. Kd2 g3 66. b4 g2 0-1

[Event "SV Diagonale Harburg - SC Diogenes II"]
[Site "Landesliga Hamburg 2022/23"]
[Date "2023.01.15"]
[Round "4.28"]
[White "Becker, Martin"]
[Black "Bartels, Holger"]
[Result "1/2-1/2"]
[WhiteElo "1895"]
[BlackElo "2023"]
[PlyCount "49"]

1. e4 c5 2. Nf3 e6 3. d4 cxd4 4. Nxd4 a6 5. Nc3 Qc7 6. a3 Nf6 7. Bd3 Nc6 8. Be3 Be7 9. O-O O-O 10. Qe2 b5 11. Nxc6 dxc6 12. f4 c5 13. e5 c4 14. exf6 cxd3 15. Qf3 Bc5 16. Bxc5 Qxc5+ 17. Kh1 Rb8 18. Qxd3 Bb7 19. Qg3 g6 20. Rfe1 Rfd8 21. Re5 Qf8 22. Re2 Rd4 23. Rae1 Rbd8 24. Qh4 Rd2 25. Qf2 1/2-1/2

[Event "SV Diagonale Harburg - SC Diogenes II"]
[Site "Landesliga Hamburg 2022/23"]
[Date "2023.01.15"]
[Round "4.29"]
[White "Hein, Ralf"]
[Black "Holst, Marten"]
[Result "1-0"]
[WhiteElo "2041"]
[BlackElo "1917"]
[PlyCount "51"]

1. c4 c6 2. Nc3 d5 3. d4 Nf6 4. Bf4 e6 5. c5 b6 6. b4 a5 7. a3 Ba6 8. Nf3 Be7 9. g3 Nh5 10. Bd2 Bc4 11. Ne5 b5 12. Nxc4 bxc4 13. b5 g6 14. b6 O-O 15. f4 Nd7 16. Bg2 Nxc5 17. dxc5 Bxc5 18. b7 Rb8 19. Na4 Ba7 20. Rb1 Nf6 21. Qc1 Ng4 22. Qc3 Qe7 23. h3 Nf6 24. e3 Rxb7 25. Rxb7 Qxb7 26. Qxf6 1-0

[Event "SV Diagonale Harburg - SC Diogenes II"]
[Site "Landesliga Hamburg 2022/23"]
[Date "2023.01.15"]
[Round "4.31"]
[White "Juergens, Achim"]
[Black "Haschimi, Haschem"]
[Result "1-0"]
[WhiteElo "1912"]
[BlackElo "1844"]
[PlyCount "93"]

1. Nf3 c5 2. g3 Nc6 3. Bg2 d5 4. d4 cxd4 5. Nxd4 e5 6. Nxc6 bxc6 7. c4 Bb4+ 8. Bd2 Bxd2+ 9. Qxd2 Nf6 10. cxd5 cxd5 11. Nc3 e4 12. O-O O-O 13. Kh1 Bb7 14. e3 Ba6 15. Rfd1 Bd3 16. Ne2 Bxe2 17. Qxe2 Qb6 18. b3 Rac8 19. Rac1 Rc5 20. Rxc5 Qxc5 21. Bh3 Rd8 22. Qb2 h6 23. Rc1 Qa5 24. b4 Qa4 25. a3 Nh7 26. Bg4 Nf6 27. Bd1 Qb5 28. Kg2 Rb8 29. a4 Qd7 30. b5 Kh7 31. Qc3 Ne8 32. Qc6 Qf5 33. Rc5 Nf6 34. h3 h5 35. Qc7 Nd7 36. g4 Qe6 37. Rc6 Qe8 38. Qxa7 Ne5 39. Rd6 hxg4 40. hxg4 Qc8 41. Rxd5 f6 42. Qd4 Qc1 43. Qxe4+ Kg8 44. Bb3 Kf8 45. Rxe5 fxe5 46. Qf5+ Ke7 47. Qxe5+ 1-0

[Event "Hamburger SK V - FC St. Pauli III"]
[Site "Landesliga Hamburg 2022/23"]
[Date "2023.01.15"]
[Round "4.33"]
[White "Kahlert, Thomas"]
[Black "Fuhrmann, Bahne"]
[Result "1/2-1/2"]
[WhiteElo "2151"]
[BlackElo "2049"]
[PlyCount "40"]

1. c4 e5 2. Nc3 Nf6 3. Nf3 e4 4. Ng5 c6 5. d3 d5 6. dxe4 d4 7. e5 Ng4 8. Nce4 Nxe5 9. e3 d3 10. f4 h6 11. fxe5 hxg5 12. Qxd3 Qxd3 13. Bxd3 Bf5 14. O-O Bxe4 15. Bxe4 Nd7 16. e6 fxe6 17. Bg6+ Kd8 18. b3 Bd6 19. g3 Ne5 20. Be4 Ke7 {(=)} 1/2-1/2

[Event "Hamburger SK V - FC St. Pauli III"]
[Site "Landesliga Hamburg 2022/23"]
[Date "2023.01.15"]
[Round "4.34"]
[White "Schellhorn, Wolfgang"]
[Black "Thomaschke, Dirk"]
[Result "0-1"]
[WhiteElo "2114"]
[BlackElo "2148"]
[PlyCount "81"]

1. e4 e5 2. Nf3 Nc6 3. Bc4 Nf6 4. Ng5 d5 5. exd5 Na5 6. Bb5+ c6 7. dxc6 bxc6 8. Bd3 Nd5 9. h4 f5 10. g3 Be7 11. Nc3 Qd6 12. a3 h6 13. Nh3 O-O 14. b4 Nxc3 15. dxc3 Qd5 16. O-O Nc4 17. Re1 Bf6 18. Qh5 e4 19. Nf4 Qb5 20. a4 Qa6 21. b5 cxb5 22. axb5 Qxa1 23. Bxc4+ Kh7 24. Qg6+ Kh8 25. Nd5 Be6 26. Bd2 Qa4 27. Bb3 Qxb5 28. Nc7 Qd7 29. Bxh6 Bxb3 30. Nxa8 Bf7 31. Qxf6 gxf6 32. Bxf8 Qc6 33. Rb1 Qxa8 34. Bd6 Qc6 35. Rb8+ Kg7 36. Bf8+ Kg6 37. Bb4 Qd5 38. Rh8 Kg7 39. Rc8 Qd1+ 40. Kh2 e3 41. Bf8+ 0-1

[Event "Hamburger SK V - FC St. Pauli III"]
[Site "Landesliga Hamburg 2022/23"]
[Date "2023.01.15"]
[Round "4.35"]
[White "zur Lage, Julian"]
[Black "Klaas, Heiko"]
[Result "1-0"]
[WhiteElo "2139"]
[BlackElo "1970"]
[PlyCount "115"]

1. d4 d5 2. Nf3 Nf6 3. c4 e6 4. g3 Be7 5. Bg2 O-O 6. O-O b6 7. cxd5 Nxd5 8. e4 Nf6 9. Nc3 Bb7 10. Qc2 c5 11. dxc5 Bxc5 12. Bg5 Be7 13. Bxf6 gxf6 14. Rfd1 Qc7 15. Rd2 Na6 16. Rad1 Rfd8 17. Nd4 Rac8 18. Ndb5 Qb8 19. Qa4 Bc5 20. e5 Rxd2 21. Rxd2 Qxe5 22. Bxb7 Qe1+ 23. Kg2 Qxd2 24. Ne4 Qd8 25. Qxa6 Rb8 26. Qxa7 Be7 27. Nec3 Bc5 28. Bf3 Qf8 29. a3 f5 30. b4 Be7 31. Nd4 Bf6 32. Nc6 Rc8 33. Na4 e5 34. Nxb6 e4 35. Bxe4 fxe4 36. Nxc8 Qxc8 37. Ne7+ Bxe7 38. Qxe7 Qa8 39. Qg5+ Kf8 40. Qe3 f5 41. b5 Kf7 42. h4 Qd5 43. b6 h6 44. Kh2 Kg6 45. a4 Qc6 46. Qb3 Qc5 47. Kg2 f4 48. Qe6+ Kg7 49. gxf4 e3 50. Qxe3 Qc6+ 51. Kh3 Kg6 52. a5 Qb5 53. Qe6+ Kh7 54. Qe4+ Kg8 55. b7 Qb2 56. a6 Kf7 57. Qf3 Qb6 58. b8=Q 1-0

[Event "Hamburger SK V - FC St. Pauli III"]
[Site "Landesliga Hamburg 2022/23"]
[Date "2023.01.15"]
[Round "4.36"]
[White "Krueger, Arthur"]
[Black "Schleicher, Guido"]
[Result "1-0"]
[WhiteElo "1973"]
[BlackElo "2185"]
[PlyCount "85"]

1. d4 Nf6 2. Nf3 g6 3. Bf4 Bg7 4. e3 d6 5. h4 Bg4 6. Be2 Nbd7 7. c3 O-O 8. Qb3 a5 9. a4 Nh5 10. Bh2 e5 11. Nbd2 exd4 12. cxd4 Nb6 13. O-O Be6 14. Qc2 Nd5 15. Ng5 Nb4 16. Qd1 Nf6 17. Nxe6 fxe6 18. Qb3 Qe7 19. Bf3 Rae8 20. Nc4 b6 21. Na3 Kh8 22. Nc2 Nfd5 23. Rac1 c5 24. Bxd5 Nxd5 25. dxc5 bxc5 26. Na3 Qxh4 27. Nb5 Rf5 28. Bg3 Qh6 29. Nxd6 Ref8 30. Nxf5 Rxf5 31. Rxc5 Bf8 32. Rc8 Rh5 33. f4 Rh1+ 34. Kf2 Rxf1+ 35. Kxf1 Kg7 36. Kf2 Be7 37. e4 Nxf4 38. Qc3+ Kf7 39. Bxf4 Qxf4+ 40. Qf3 Qxf3+ 41. Kxf3 Bd6 42. Ra8 Bb4 43. Ra7+ 1-0

[Event "Hamburger SK V - FC St. Pauli III"]
[Site "Landesliga Hamburg 2022/23"]
[Date "2023.01.15"]
[Round "4.37"]
[White "Goepfert, Jakob"]
[Black "Avdic, Faris"]
[Result "0-1"]
[WhiteElo "2132"]
[BlackElo "1987"]
[PlyCount "102"]

1. d4 Nf6 2. c4 c5 3. Nf3 cxd4 4. Nxd4 e6 5. Nc3 Nc6 6. Ndb5 d5 7. cxd5 Nxd5 8. Nxd5 exd5 9. Qxd5 Bb4+ 10. Bd2 Be6 11. Qxd8+ Rxd8 12. Nc3 Nd4 13. O-O-O O-O 14. e3 Nc6 15. Be2 Bxc3 16. bxc3 Bxa2 17. Kb2 Bd5 18. f3 Ne5 19. Bc1 Bc4 20. Bxc4 Nxc4+ 21. Kb3 b5 22. e4 a5 23. Bf4 f6 24. Bc7 Rc8 25. Bf4 Rfd8 26. Rd4 Kf7 27. Rhd1 Ke7 28. Rd5 Nb6 29. R5d4 Na4 30. Rxd8 Rxd8 31. Rxd8 Kxd8 32. Be3 Kd7 33. c4 Kc6 34. cxb5+ Kxb5 35. Bd4 Nc5+ 36. Ka3 Kc4 37. Be3 Nd3 38. Bd2 Kd4 39. Kb3 Nc5+ 40. Kb2 a4 41. Bb4 Ne6 42. Bd2 Kc4 43. Bc3 Nd4 44. Bxd4 Kxd4 45. h4 Ke3 46. Kc3 Kf4 47. Kd4 a3 48. Kc3 Kg3 49. Kb3 Kxh4 50. f4 Kg4 51. g3 g5 0-1

[Event "Hamburger SK V - FC St. Pauli III"]
[Site "Landesliga Hamburg 2022/23"]
[Date "2023.01.15"]
[Round "4.38"]
[White "Kort, Felix"]
[Black "Grote, Dirk"]
[Result "0-1"]
[WhiteElo "1932"]
[BlackElo "2066"]
[PlyCount "30"]

1. d4 Nf6 2. c4 e6 3. Nc3 Bb4 4. Qc2 O-O 5. e4 d6 6. Bg5 e5 7. d5 Na6 8. Nge2 Bc5 9. Ng3 h6 10. Bd2 Ng4 11. Nd1 Qh4 12. h3 Nxf2 13. Nxf2 Qxg3 14. Bc3 f5 15. b4 Bxf2+ 0-1

[Event "Hamburger SK V - FC St. Pauli III"]
[Site "Landesliga Hamburg 2022/23"]
[Date "2023.01.15"]
[Round "4.39"]
[White "Thieme, Daniel Otis"]
[Black "Foo, Tzun Hong"]
[Result "1-0"]
[WhiteElo "2053"]
[BlackElo "1946"]
[PlyCount "89"]

1. d4 Nf6 2. c4 e6 3. Nf3 Bb4+ 4. Bd2 Be7 5. g3 b6 6. Bg2 Bb7 7. O-O O-O 8. Nc3 d5 9. cxd5 exd5 10. Rc1 Nbd7 11. Bf4 c6 12. Ne5 Nxe5 13. Bxe5 Ng4 14. Bf4 f5 15. f3 Nf6 16. e4 c5 17. exf5 Ba6 18. Re1 cxd4 19. Ne2 d3 20. Nd4 Bc5 21. Be3 Qd6 22. Ne6 Bxe3+ 23. Rxe3 d4 24. Re1 Qb4 25. Nxf8 Rxf8 26. Re5 d2 27. Rc7 d3 28. Ree7 Ne8 29. Rxa7 Qxb2 30. f4 Qc2 31. Bf3 Bc4 32. Red7 b5 33. Kf2 b4 34. Rab7 Bxa2 35. Rxb4 Nf6 36. Rdd4 Bf7 37. Rb6 Bh5 38. Bxh5 Nxh5 39. Rb1 Re8 40. Kg2 Nf6 41. Kh3 Qc5 42. Qb3+ Kh8 43. Qxd3 Nh5 44. Rd8 Qe7 45. Rbb8 1-0

[Event "Hamburger SK V - FC St. Pauli III"]
[Site "Landesliga Hamburg 2022/23"]
[Date "2023.01.15"]
[Round "4.40"]
[White "Lu, Yunong Elias"]
[Black "David, Torsten"]
[Result "1/2-1/2"]
[WhiteElo "1767"]
[BlackElo "2055"]
[PlyCount "82"]

1. e4 c5 2. Nf3 d6 3. Bb5+ Bd7 4. c4 Nc6 5. d4 cxd4 6. Nxd4 g6 7. O-O Bg7 8. Be3 Nf6 9. f3 O-O 10. Nc3 a6 11. Bxc6 bxc6 12. Qd3 c5 13. Nde2 Rb8 14. b3 Ne8 15. Rac1 Nc7 16. Rfd1 Bc6 17. Qc2 Qc8 18. Kh1 Qb7 19. Nf4 Ne6 20. Nce2 Nxf4 21. Nxf4 a5 22. Nd5 a4 23. Rb1 Bxd5 24. exd5 axb3 25. Rxb3 Qa6 26. Rdb1 Rxb3 27. Qxb3 Ra8 28. h3 h5 29. Bg5 f6 30. Bf4 Qxa2 31. Qb7 Qa7 32. Qc6 Rb8 33. Rxb8+ Qxb8 34. Qxc5 Qb1+ 35. Qg1 Qxg1+ 36. Kxg1 f5 37. g4 fxg4 38. fxg4 hxg4 39. hxg4 Bd4+ 40. Kg2 Kf7 41. Kf3 Bg7 1/2-1/2

[Event "SC Diogenes II - Hamburger SK V"]
[Site "Landesliga Hamburg 2022/23"]
[Date "2023.02.05"]
[Round "5.1"]
[White "Fuhrmann, Bahne"]
[Black "Apitzsch, Leon Fabian"]
[Result "1-0"]
[WhiteElo "2005"]
[BlackElo "1990"]
[PlyCount "85"]

1. e4 c5 2. Nf3 e6 3. d4 cxd4 4. Nxd4 Nf6 5. Nc3 Nc6 6. Ndb5 Bc5 7. Bf4 O-O 8.
Bc7 Qe7 9. Bd6 Bxd6 10. Qxd6 Ne8 11. Qxe7 Nxe7 12. O-O-O f5 13. e5 Ng6 14. Re1
b6 15. h4 Bb7 16. f3 a6 17. Nd4 b5 18. Nb3 Rc8 19. Kb1 Nc7 20. a4 b4 21. Na2
Nd5 22. Na5 Bc6 23. Bxa6 Ra8 24. Nxc6 Rxa6 25. Ncxb4 Rxa4 26. Nxd5 exd5 27. Nc3
Ra5 28. Rd1 Nf4 29. b3 Nxg2 30. Rxd5 Rfa8 31. Kb2 R8a7 32. b4 R5a6 33. Rd4 Rg6
34. Rhd1 Kf7 35. Nb5 Ra8 36. Rxd7+ Kf8 37. e6 Rxe6 38. Nc7 Rae8 39. Rd8 Re2 40.
Rxe8+ Rxe8 41. Nxe8 Kxe8 42. Rd4 f4 43. b5 1-0

[Event "SC Diogenes II - Hamburger SK V"]
[Site "Landesliga Hamburg 2022/23"]
[Date "2023.02.05"]
[Round "5.2"]
[White "Neumann, Michael"]
[Black "Schellhorn, Wolfgang"]
[Result "1/2-1/2"]
[WhiteElo "2128"]
[BlackElo "2105"]
[PlyCount "82"]

1. e4 c5 2. Nf3 d6 3. d4 cxd4 4. Nxd4 Nf6 5. Nc3 a6 6. Be3 e5 7. Nb3 Be7 8. h3
Be6 9. Qf3 b5 10. O-O-O Nc6 11. g4 Nd7 12. Nd5 Rc8 13. Kb1 O-O 14. Rd2 Bh4 15.
Rg1 f6 16. Qd1 Rf7 17. c4 Rb8 18. Qc1 Na5 19. Nxa5 Qxa5 20. cxb5 axb5 21. Be2
Bg5 22. b3 Nf8 23. Rc2 Bxe3 24. Qxe3 Ng6 25. Rgc1 Ra7 26. Qc3 Qxc3 27. Rxc3
Bxd5 28. Rc8+ Rxc8 29. Rxc8+ Kf7 30. exd5 Ne7 31. Rb8 Nxd5 32. Bxb5 Nc3+ 33.
Kb2 Nd1+ 34. Kb1 d5 35. f3 Nc3+ 36. Kb2 Nxa2 37. Ba4 e4 38. fxe4 dxe4 39. Bc6
e3 40. Bf3 Rd7 41. Kxa2 Rd2+ 1/2-1/2

[Event "SC Diogenes II - Hamburger SK V"]
[Site "Landesliga Hamburg 2022/23"]
[Date "2023.02.05"]
[Round "5.3"]
[White "Krueger, Arthur"]
[Black "Hohlfeld, Wolfgang"]
[Result "1-0"]
[WhiteElo "1937"]
[BlackElo "2056"]
[PlyCount "47"]

1. e4 c5 2. d4 cxd4 3. c3 d5 4. Qxd4 dxe4 5. Qxd8+ Kxd8 6. Bf4 Nc6 7. Bc4 e5 8.
Bg3 f5 9. h3 Nf6 10. Nd2 Bd6 11. O-O-O Ke7 12. Bh4 Be6 13. g4 fxg4 14. Bxe6
Kxe6 15. Bxf6 gxf6 16. Nxe4 Be7 17. hxg4 Rhg8 18. f3 Rg7 19. Ne2 Rd8 20. N2g3
Rxd1+ 21. Kxd1 Bd8 22. Ke2 Ne7 23. Rd1 Nd5 24. Nc5+ 1-0

[Event "SC Diogenes II - Hamburger SK V"]
[Site "Landesliga Hamburg 2022/23"]
[Date "2023.02.05"]
[Round "5.4"]
[White "Hein, Ralf"]
[Black "Avdic, Faris"]
[Result "0-1"]
[WhiteElo "2048"]
[BlackElo "2015"]
[PlyCount "56"]

1. c4 e5 2. Nc3 Nc6 3. g3 Bc5 4. Bg2 a6 5. e3 d6 6. Nge2 Ba7 7. O-O h5 8. d4 h4
9. Bxc6+ bxc6 10. dxe5 hxg3 11. fxg3 Bh3 12. Rf2 dxe5 13. Qxd8+ Rxd8 14. Kh1
Nf6 15. Ng1 Be6 16. b3 Rd3 17. Nge2 Ng4 18. Rg2 Bf5 19. h4 g5 20. b4 Nxe3 21.
Bxe3 Bxe3 22. Rh2 Bg4 23. Kg2 Rd2 24. Re1 Rc2 25. Kf1 Rh6 26. Ne4 Rxc4 27. N2c3
Bd4 28. Rc1 f5 0-1